| 000 | 00000nas##2200000za#4500 |
| 001 | 9.508964 |
| 003 | CaOODSP |
| 005 | 20200331212939 |
| 007 | ta |
| 008 | 150406c2000||||xxc|| m #||||f| |0eng|d |
| 040 | |aCaOODSP|beng |
| 041 | |aeng |
| 041 | |afre |
| 043 | |an-cn--- |
| 086 | 1 |aBT31-2/2001-III |
| 110 | 1 |aCanada. |bTreasury Board. |
| 245 | 10|a2000-2001 estimates, part III: report on plans and priorities |
| 260 | |aOttawa - Ontario : |bTreasury Board of Canada Secretariat |
| 546 | |aBilingual |
| 563 | |aSoftcover |
| 776 | 0#|tBudget des dépenses 2000-2001. Partie III, Rapport sur les plans et les priorités |w(CaOODSP)9.502562 |
| 776 | 0#|t2000-2001 estimates. Part III, Report on plans and priorities |w(CaOODSP)9.506160 |
| 792 | |tBudget des dépenses 2000-2001, partie III: rapport sur les plans et les priorités |efre|w(CaOODSP)9.508965 |